Statistics for 2016 All-NBA Teams (1st, 2nd and 3rd)

Click here to take the quiz!

General Stats

  • This quiz has been taken 2,530 times
  • The average score is 11 of 15

Answer Stats

PositionPlayer% Correct
FLeBron James
99%
GStephen Curry
98%
GRussell Westbrook
92%
FKevin Durant
91%
CDeMarcus Cousins
77%
FKawhi Leonard
76%
GKlay Thompson
76%
GChris Paul
73%
CDeAndre Jordan
72%
FDraymond Green
70%
GDamian Lillard
62%
FPaul George
55%
GKyle Lowry
51%
CAndre Drummond
43%
FLaMarcus Aldridge
39%

Score Distribution

Percentile by Number Answered

Percent of People with Each Score

Your Score History

You have not taken this quiz